Small transit system management handbook/ (Record no. 543404)

000 -LEADER
fixed length control field 00391nam a22001337a 4500
082 ## - DEWEY DECIMAL CLASSIFICATION NUMBER
Classification number 388.4068
Author Mark SMA
-- D
100 ## - MAIN ENTRY--PERSONAL NAME
Personal name Us department of transportation,
9 (RLIN) 13255
245 ## - TITLE STATEMENT
Title Small transit system management handbook/
260 ## - PUBLICATION, DISTRIBUTION, ETC.
Place of publication, distribution, etc. USA
Name of publisher, distributor, etc. US Govt printing office
Date of publication, distribution, etc. c1986
300 ## - PHYSICAL DESCRIPTION
Extent 292-p.;
Other physical details ill,:
Dimensions 28cm
526 ## - STUDY PROGRAM INFORMATION NOTE
Program name 0
Interest level 0
Reading level 0
Title point value 388_406800000000000_SMA
650 ## - SUBJECT ADDED ENTRY--TOPICAL TERM
Topical term or geographic name entry element MCE
9 (RLIN) 379
942 ## - ADDED ENTRY ELEMENTS (KOHA)
Source of classification or shelving scheme
Koha item type Book
Holdings
Withdrawn status Lost status Source of classification or shelving scheme Damaged status Not for loan Permanent Location Current Location Date acquired Total Checkouts Full call number Barcode Date last seen Price effective from Koha item type
          Military College of Engineering (MCE) Military College of Engineering (MCE) 03/21/2014   388.4068 SMA MCE-42414 03/21/2014 03/21/2014 Book
© 2023 Central Library, National University of Sciences and Technology. All Rights Reserved.